00845 2200277 4500001002100000005001500021035002000036245010200056250001000158300003200168006001800200007000300218008004100221264003700262336002100299337003000320338002300350082001000373084001600383650001000399020002200409100003300431700004500464700004200509990001600551INLIS00000000000856920260519075941 a0010-09220010581 aSulam Pita Melayu /cIra Dhyani Indira ;Pengarang-2,Halina Abdul Hadi ;Pengarang-3,Marlina Rahmat acet.1 avi,72 hlm :bilus. ;c23 cma ta260519 0  aJakarta; :bKriya Pustaka,c2011 2rdacontentateks 2rdamediaatanpa perantara 2rdacarrieravolume a746.5 a746.5 IRA s 4aSulam a978-602-8453-24-00 aIra Dhyani IndiraePengarang aPengarang-2,Halina Abdul HadiePengarang aPengarang-3,Marlina RahmatePengarang a1252/B/2013